000 00780nam a22002295i 4500
001 166432
003 ES-MaACL
005 20240126063023.0
008 050915s1888 fr | |||||||| ||fre d
040 _aCAM
_bspa
_cCAM
100 1 _aTolstói, Lev,
_d1828-1910
_9110489
245 1 3 _aLa vie /
_cComte N. Tolstoï; traduit du russe par Elizabeth Jardetzky.
250 _a[2e éd.].
260 _aParis :
_bAlbert Savine éditeur,
_c1888 (
_fTyp. A.-M. Beaudelot)
300 _a323 p. ;
_c18 cm.
490 1 _aRomans étrangers modernes
595 _aLa mención de ed. consta en la cub. original.
830 0 _aRomans étrangers modernes
_9188620
852 _aES-MaACL
_jF-9746
_z-- Enc. hol. conservando la cub. original
999 _c166432
_d166432